Quizz Teenwolf S3A - Statistiques

Statistiques générales
  • Ce quiz a été pris 39 fois
  • Le résultat moyen est 6 sur 10
Statistiques - réponses
Question Réponse % Correct
Quelle meute affronte Scott ? La Meute d'Alpha
97%
Qui est le vrai alpha ? Scott McCall
92%
Qui est Jennifer Blake ? Un Darach
87%
Que signfie " Darach " ? Chêne Noir
76%
Quel animal répresente Deucalion ? Démon-Loup
55%
Qui est l'émissaire de la meute d'Alpha ? Morrell
55%
Qui tue Ennis ? Deucalion
50%
Qui tue Boyd ? Kali
39%
Pourquoi Derek perds-t'il ses pouvoirs ? Sacrifice
37%
Quel rituel druidique est utilisé pour soigner Cora ? Transe
24%
Aucun quiz correspondant
Distribution des résultats
% des personnes avec chaque résultat
Percentile par nombre de réponses
Votre historique - résultats
Vous n’avez pas pris ce quiz